000 00185 a2200097 4500
020 _a9780735821583
041 _aspa
100 _aCHRISTOPHE LOUPY
245 _aABRAZOS Y BESOS
942 _cBK
999 _c285
_d285